Rubber Board and its activities (Record no. 49845)

MARC details
000 -LEADER
fixed length control field 00501nam a2200145Ia 4500
100 ## - MAIN ENTRY--AUTHOR NAME
Personal name Menon P.M.
245 #0 - TITLE STATEMENT
Title Rubber Board and its activities
260 ## - PUBLICATION, DISTRIBUTION, ETC. (IMPRINT)
Name of publisher In: Handbook of natural rubber production in India. (Ed. P.N. Radhakrishna Pillay). Rubber Research Institute of India, Kottayam, India, pp. 537-559.
Year of publication 1980
650 ## - SUBJECT ADDED ENTRY--TOPICAL TERM
Topical Term Cess collection
650 ## - SUBJECT ADDED ENTRY--TOPICAL TERM
Topical Term Development scheme
650 ## - SUBJECT ADDED ENTRY--TOPICAL TERM
Topical Term Rubber Board
700 ## - ADDED ENTRY--PERSONAL NAME
Personal name Narayanan P.K.
942 ## - ADDED ENTRY ELEMENTS (KOHA)
Koha item type Bibliography STAF
Holdings
Withdrawn status Lost status Damaged status Not for loan Home library Current library Shelving location Date acquired Koha item type
      Bibliography RRII Library RRII Library Economics 09/04/2014 Bibliography STAF